000 02138cam a22004094i 4500
003 PE-LiUPU
005 20250731172938.0
008 150623s1993 xxu r 000 0 eng d
035 _a(Sirsi) a20950
040 _aPE-LiUPU
_bspa
_cPE-LiUPU
_erda
082 0 4 _a220.609
_bM26
_221
100 1 _aMargeríe, Bertrand de,
_eautor.
245 1 3 _aAn introduction to the history of exegesis :
_bThe greek fathers.
_n1 /
_cBertrand de Margeríe.
264 1 _aPetersham, Massachusetts :
_bSaint Bede's Publications,
_c1993.
300 _a288 páginas ;
_c23 centímetros
336 _atext
_2rdacontent
337 _aunmediated
_2rdamedia
338 _avolume
_2rdacarrier
505 0 _aSaint Justin, exegete of the presence of the word-Messiah in the law and the prophets -- Saint Irenaeus, ecclesial exegete of Christocentric recapitulation -- Clement of Alexandria Integrates the cosmic and moral symbolism of greek paganism with biblical symbolism -- Origen his greatness - Typology his weakness-Allegorizing -- Polemical, doctrinal and spiritual exegesis of Saint Athanasius -- The biblical poetry of Saint Ephraem, syrian exegete -- History, "theoria" and tradition in the antiochian school -- Saint Jhon Chrysostom, doctor of biblical "condescension" -- Saint Gregory of Nyssa Theoretician of Biblical Connections or Chains: Skopos, theoria, Aklouthia -- Saint Cyril of Alexandria develops a Christocentric exegesis.
526 _aSEG42
526 _aSEG41
526 _aSEG40
526 _aSEG39
526 _aP94
526 _aP87
526 _aP86
526 _aP85
526 _aP77
526 _aP76
526 _aP35
630 0 4 _aBiblia
_xCrítica, interpretación, etc.
_xHistoria.
942 _2ddc
_cBOOK
949 _a220.609 M26 1
_wDEWEY
_c1
_i44478
_lCCODEBUL1
_mBUL
_p40.00
_r0
_sY
_tBOOK
_u2015-06-24
_xTEOLOGIA
_PP35
_0COMPRA
_o.STAFF. Colección Teología
596 _a1
999 _a220.609 M26 1
_wDEWEY
_c21357
_i44478
_f2021-11-9
_g5
_lCCODEBUL1
_mBUL
_p40.00
_r0
_sY
_tBOOK
_u2015-6-24
_xTEOLOGIA
_PP35
_0COMPRA
_o.STAFF. Colección Teología
_d21357
980 _81
_gALBERTO SANCHEZ Responsable de Automatización